Teoría y práctica de la documentación lingüística : el kichwa en Ecuador /

Đã lưu trong:
Chi tiết về thư mục
Tác giả chính: Verdugo Cárdenas, Priscila (autor.)
Tác giả khác: Verdugo Cárdenas, Jackie (autor.)
Định dạng: eBook
Ngôn ngữ:Tiếng Tây Ban Nha
Được phát hành: Cuenca : Universidad del Azuay, 2025.
Những chủ đề:
Truy cập trực tuyến:https://elibro.unach.elogim.com/es/lc/unach/titulos/287796
Các nhãn: Thêm thẻ
Không có thẻ, Là người đầu tiên thẻ bản ghi này!

MARC

LEADER 00000nam a2200000 i 4500
001 ELB287796
003 FINmELB
005 20251022115852.0
006 m o u
007 cr cn|||||||||
008 251022s2025 ec a ob 000 0 spa d
020 |z 9789942577122 
020 |a 9789942577139  |q (e-book) 
035 |a (OCoLC)1546814608 
040 |a FINmELB  |b spa  |e rda  |c FINmELB 
050 1 4 |a PM6301  |b V487 2025 
080 |a 811.873.122 
082 0 4 |a 498.323  |2 23 
100 1 |a Verdugo Cárdenas, Priscila,  |e autor. 
245 1 0 |a Teoría y práctica de la documentación lingüística :  |b el kichwa en Ecuador /  |c Priscila Verdugo Cárdenas, Jackie Verdugo Cárdenas. 
264 1 |a Cuenca :  |b Universidad del Azuay,  |c 2025. 
300 |a 1 recurso en línea (120 páginas) :  |b ilustraciones 
336 |a texto  |b txt  |2 rdamedia/spa 
337 |a computadora  |b c  |2 rdamedia/spa 
338 |a recurso en línea  |b cr  |2 rdacarrier/spa 
504 |a Contiene bibliografía. 
588 |a Descripción basada en metadatos suministrados por el editor y otras fuentes. 
590 |a Recurso electrónico. Santa Fe, Arg.: elibro, 2025. Disponible vía World Wide Web. El acceso puede estar limitado para las bibliotecas afiliadas a elibro. 
650 4 |a Quechua  |z Ecuador. 
650 4 |a Lingüística  |x Investigaciones. 
655 4 |a Libros electrónicos. 
700 1 |a Verdugo Cárdenas, Jackie,  |e autor. 
797 2 |a elibro, Corp. 
856 4 0 |u https://elibro.unach.elogim.com/es/lc/unach/titulos/287796